000 00467nam a2200169 i 4500
001 bg
100 1 _aDąbrowski, Adam
_c(nauki techniczne).
245 1 0 _aOdzysk pseudomocy użytecznej w wieloszybkościowym przetwarzaniu sygnałów /
_cA.Dąbrowski.
260 _aPoznań,
_c1988.
490 1 _aRozprawy
830 _aRozprawy
040 _cBPK
041 _apol
080 _a621.391:621.37:681.322
942 _cKS
008 s pl f |000 0 pol
999 _c28757
_d28757
856 _uhttp://koha.tu.koszalin.pl/cgi-bin/koha/opac-detail.pl?biblionumber=28757
_yKatalog online BPK